Detalles MARC
| 000 -CABECERA |
| campo de control de longitud fija |
01774nam a2200313 i 4500 |
| 001 - NÚMERO DE CONTROL |
| campo de control |
000028560 |
| 003 - IDENTIFICADOR DEL NÚMERO DE CONTROL |
| campo de control |
DO-SdBNP |
| 005 - FECHA Y HORA DE LA ÚLTIMA TRANSACCIÓN |
| campo de control |
20250703090026.0 |
| 007 - CAMPO FIJO DE DESCRIPCIÓN FÍSICA--INFORMACIÓN GENERAL |
| campo de control de longitud fija |
ta |
| 008 - DATOS DE LONGITUD FIJA--INFORMACIÓN GENERAL |
| campo de control de longitud fija |
110215s2010 dr ac 000 0 spa d |
| 020 ## - NÚMERO INTERNACIONAL ESTÁNDAR DEL LIBRO |
| ISBN cancelado o inválido |
99934640452 |
| 040 ## - FUENTE DE LA CATALOGACIÓN |
| Centro catalogador/agencia de origen |
DO-SdBNP |
| Lengua de catalogación |
spa |
| Centro/agencia transcriptor |
BNPHU |
| Normas de descripción |
rda |
| 049 ## - FONDOS LOCALES (OCLC) |
| Fondos de biblioteca |
BNPD |
| 082 #4 - NÚMERO DE LA CLASIFICACIÓN DECIMAL DEWEY |
| Número de clasificación |
972.93053 |
| Número de documento/Ítem |
G158er, 2010 |
| Número de edición |
22 |
| 100 1# - ENTRADA PRINCIPAL--NOMBRE DE PERSONA |
| Nombre de persona |
Galíndez, Jesús de, |
| Fechas asociadas al nombre |
1915-1956 |
| 9 (RLIN) |
83901 |
| 245 13 - MENCIÓN DE TÍTULO |
| Título |
La era de Trujillo : |
| Resto del título |
un estudio casuístico de dictadura hispanoamericana / |
| Mención de responsabilidad, etc. |
Jesús de Galíndez ; presentación a la edición dominicana, Orlando Inoa. |
| 264 #4 - PRODUCCIÓN, PUBLICACIÓN, DISTRIBUCIÓN, FABRICACIÓN Y COPYRIGHT |
| Producción, publicación, distribución, fabricación y copyright |
Santo Domingo : |
| Nombre del de productor, editor, distribuidor, fabricante |
Editorial Letra Gráfica, |
| Fecha de producción, publicación, distribución, fabricación o copyright |
©2010. |
| 300 ## - DESCRIPCIÓN FÍSICA |
| Extensión |
342 páginas : |
| Otras características físicas |
ilustraciones, retratos ; |
| Dimensiones |
23 cm. |
| 336 ## - TIPO DE CONTENIDO |
| Término de tipo de contenido |
texto |
| Código de tipo de contenido |
txt |
| Fuente |
rdacontent |
| 337 ## - TIPO DE MEDIO |
| Nombre/término del tipo de medio |
sin mediación |
| Código del tipo de medio |
n |
| Fuente |
rdamedia |
| 338 ## - TIPO DE SOPORTE |
| Nombre/término del tipo de soporte |
volumen |
| Código del tipo de soporte |
nc |
| Fuente |
rdacarrier |
| 500 ## - NOTA GENERAL |
| Nota general |
Incluye índice onomástico. |
| 505 0# - NOTA DE CONTENIDO CON FORMATO |
| Nota de contenido con formato |
Presentación a la edición dominicana / |
| Mención de responsabilidad |
Orlando Inoa -- |
| Información miscelánea |
Introducción -- |
| -- |
I. Sinopsis histórica de un cuarto de siglo : |
| Título |
La Era de Trujillo -- |
| Información miscelánea |
II. Análisis del régimen político bajo Trujillo : |
| Título |
Parodia constitucional -- |
| -- |
Elecciones y renuncias -- |
| -- |
Terror difuso en vez de libertad -- |
| -- |
Partido único y sindicatos de gobierno -- |
| -- |
Instituciones sociales de relleno -- |
| -- |
Estilo personal del tirano -- |
| -- |
Repercusiones de la política internacional -- |
| -- |
El anticomunismo de Trujillo -- |
| -- |
La obra positiva del Régimen Trujillista -- |
| -- |
Crítica del régimen y grupos de oposición -- |
| -- |
Conclusiones -- |
| Información miscelánea |
Bibliografía -- |
| -- |
Índice onomástico. |
| 590 ## - NOTA LOCAL (RLIN) |
| Nota local |
Inventariado, 2025/BT |
| 651 #4 - PUNTO DE ACCESO ADICIONAL DE MATERIA--NOMBRE GEOGRÁFICO |
| Nombre geográfico |
República Dominicana |
| Subdivisión general |
Política y gobierno |
| Subdivisión cronológica |
Era de Trujillo, 1930-1961 |
| 9 (RLIN) |
1374 |
| 700 1# - PUNTO DE ACCESO ADICIONAL--NOMBRE DE PERSONA |
| Nombre de persona |
Inoa, Orlando, |
| Término indicativo de función/relación |
presentación |
| 9 (RLIN) |
5784 |
| 910 ## - DATOS DE OPCIÓN DEL USUARIO (OCLC) |
| Datos de opción del usuario |
Validado. Control de calidad EMS. |
| 942 ## - ELEMENTOS DE PUNTO DE ACCESO ADICIONAL (KOHA) |
| Fuente del sistema de clasificación o colocación |
Dewey Decimal Classification |
| Tipo de ítem Koha |
Libro |